| 000 | 00408nam a2200169Ia 4500 | ||
|---|---|---|---|
| 008 | 230524s9999 xx 000 0 und d | ||
| 020 | _a9788126510948 | ||
| 082 | _bJAC | ||
| 100 |
_aJ.D.Jackson _942117 |
||
| 245 | 0 | _a"Classical Electrodynamcis, " | |
| 250 | _a3 | ||
| 260 |
_aNew Delhi _bJohn Wiley _c2016 |
||
| 300 | _a"XXI,791p;" | ||
| 500 | _aQuantity Number: 1 | ||
| 650 | _aPhysics | ||
| 942 | _cBK | ||
| 999 |
_c56519 _d56519 |
||